| 000 | 00793cam a2200265 4500 | ||
|---|---|---|---|
| 001 | ABS61921 | ||
| 008 | 000000n2000 000 0 eng u | ||
| 035 | _a(Sirsi) u104492 | ||
| 100 | _aBill, P. | ||
| 245 | _aWhich future do you buy? | ||
| 260 | _c2000 | ||
| 490 |
_aEstates Gazette _v0008 26 February 2000 61-67(7) |
||
| 520 | _aExamines a major study "Retail 2010" which looks at the social, economic and technological changes that will shape Europe's high streets. | ||
| 590 | _aABS | ||
| 650 | _aSOCIAL CHANGE | ||
| 650 | _aECONOMIC CHANGE | ||
| 650 | _aTECHNOLOGICAL CHANGE | ||
| 650 | _aINTERNET | ||
| 650 | _aE-COMMERCE | ||
| 650 | _aRETAIL 2010 | ||
| 650 | _aRETAILING | ||
| 650 | _aFUTURE | ||
| 690 | _aPROPERTY-COMMERCIAL PROPERTY-RETAIL PROPERTY | ||
| 942 | _n0 | ||
| 999 |
_c62694 _d62694 |
||